| 000 | 00375cam a22001217a 4500 | ||
|---|---|---|---|
| 008 | 180718b1970 xxu||||| |||| 00| 0 eng d | ||
| 082 | _aB7x6982 B469 | ||
| 100 | _aBhuckory, Smodath | ||
| 245 |
_aOutline of local government _cby Somdath Bhuckory |
||
| 260 |
_aMauritius _bThe Associations Of Urban Authorities _c1970 |
||
| 300 | _a125p | ||
| 650 | _aLocal government - Mauritius. | ||
| 999 |
_c408915 _d408915 |
||